Radiohead "Hail to the Thief" Alternative song titles - Statistics

General Stats
  • This quiz has been taken 80 times
  • The average score is 6 of 14
Answer Stats
Hint Answer % Correct
A Punchup at a Wedding. No no no no no no no no.
68%
There there. The Boney King of Nowhere.
57%
A Wolf at the Door. It Girl. Rag Doll.
55%
2+2=5 The Lukewarm.
52%
Sail to the Moon. Brush the Cobwebs out of the Sky.
43%
Go to Sleep. Little Man Being Erased.
43%
Scatterbrain. As Dead as Leaves.
41%
Backdrifts. Honeymoon is Over.
41%
I will. No man's Land.
41%
Where I End and You Begin. The Sky is Falling In.
41%
We Suck Young Blood. Your Time is up.
41%
Sit Down. Stand Up. Snakes & Ladders.
39%
Myxomatosis. Judge, Jury & Executioner.
36%
The Gloaming. Softly Open our Mouths in the Cold.
36%
No matching quizzes found
Score Distribution
Percent of People with Each Score
Percentile by Number Answered
Your Score History
You have not taken this quiz